Country flags quiz Stats

 Plays Quiz not verified by Sporcle

Challenge
Share
Tweet
Embed
Score 0/13 Timer 14:00
0 Plays Today
% Correct
???
95.5%
???
61.4%
???
54.5%
???
43.2%
???
20.5%
???
18.2%
???
15.9%
???
13.6%
???
11.4%
???
9.1%
???
9.1%
???
9.1%
???
6.8%

You're not logged in!

Compare scores with friends on all Sporcle quizzes.
Join for Free
OR
Log In

You Might Also Like...

Show Comments

Extras

Created Jul 31, 2014ReportNominate
Tags:Clickable Quiz, Country Quiz

Top Quizzes Today


Score Distribution

Your Account Isn't Verified!

In order to create a playlist on Sporcle, you need to verify the email address you used during registration. Go to your Sporcle Settings to finish the process.

Report this User

Report this user for behavior that violates our Community Guidelines.

Details: